Constitutionalism and democratisation in Kenya: 1945 - 2007 / (Record no. 918)

000 -LEADER
fixed length control field 00936nam a22002417a 4500
003 - CONTROL NUMBER IDENTIFIER
control field OSt
005 - DATE AND TIME OF LATEST TRANSACTION
control field 20140116120841.0
008 - FIXED-LENGTH DATA ELEMENTS--GENERAL INFORMATION
fixed length control field 120515t xxu||||| |||| 00| 0 eng d
020 ## - INTERNATIONAL STANDARD BOOK NUMBER
International Standard Book Number 9966909567
040 ## - CATALOGING SOURCE
Original cataloging agency LoC
Language of cataloging English
050 ## - LIBRARY OF CONGRESS CALL NUMBER
Classification number JC421.C6 2008
245 ## - TITLE STATEMENT
Title Constitutionalism and democratisation in Kenya: 1945 - 2007 /
Statement of responsibility, etc Nyanchoga, S. (et. al..)
260 ## - PUBLICATION, DISTRIBUTION, ETC. (IMPRINT)
Place of publication, distribution, etc Nairobi :
Name of publisher, distributor, etc CUEA Press,
Date of publication, distribution, etc 2008.
300 ## - PHYSICAL DESCRIPTION
Extent xv.; 71p.
504 ## - BIBLIOGRAPHY, ETC. NOTE
Bibliography, etc Includes bibliography
505 ## - FORMATTED CONTENTS NOTE
Formatted contents note Chapter One: Constitutionalism and democratization process in Kenya: 1945-1969---Chapter Two: Constitutionalism and democratization process in Kenya 1969-1992---Chapter Three: constitutionalism and democracy in a multi-party era: an appraisal of the 1992-2007 period
650 ## - SUBJECT ADDED ENTRY--TOPICAL TERM
Topical term or geographic name as entry element Constitution
Geographic subdivision Kenya.
650 ## - SUBJECT ADDED ENTRY--TOPICAL TERM
Topical term or geographic name as entry element Democracy
Geographic subdivision Kenya.
700 ## - ADDED ENTRY--PERSONAL NAME
Personal name Muchoki, Francis M.
700 ## - ADDED ENTRY--PERSONAL NAME
Personal name Wanyonyi, Pius K
700 ## - ADDED ENTRY--PERSONAL NAME
Personal name Mwangi, Susan W.
942 ## - ADDED ENTRY ELEMENTS (KOHA)
Source of classification or shelving scheme
Koha item type Book
Holdings
Withdrawn status Lost status Source of classification or shelving scheme Damaged status Not for loan Home library Current library Date acquired Total Checkouts Full call number Barcode Date last seen Date checked out Copy number Price effective from Koha item type Total Renewals
          Riara University Library Riara University Library 15/05/2012 3 JC421.C6 2008 3326/12 11/04/2023 14/02/2023 C.1 15/05/2012 Book  
          Riara University Library Riara University Library 15/05/2012 7 JC421.C6 2008 3327/12 25/02/2025 20/01/2025 C.2 15/05/2012 Book 1
          Riara University Library Riara University Library 15/05/2012 4 JC421.C6 2008 3328/12 16/02/2026 10/02/2026 C.3 15/05/2012 Book  

Riara University Library,
P.O. Box 49940-00100,
Nairobi, Kenya.